Etnografía de los confines (Record no. 9245)

MARC details
000 -CABECERA
campo de control de longitud fija 01092nam a2200277 a 4500
001 - NÚMERO DE CONTROL
campo de control BRL_433
005 - FECHA Y HORA DE LA ÚLTIMA TRANSACCIÓN
campo de control 20190320210735.0
008 - DATOS DE LONGITUD FIJA--INFORMACIÓN GENERAL
campo de control de longitud fija 120813s2007----mx-a######---#000-0#spa-#
020 ## - NÚMERO INTERNACIONAL ESTÁNDAR DEL LIBRO
Número Internacional Estándar del Libro 9680302466
020 ## - NÚMERO INTERNACIONAL ESTÁNDAR DEL LIBRO
Número Internacional Estándar del Libro 9789680302468
041 ## - CÓDIGO DE LENGUA
Código de lengua del texto/banda sonora o título independiente spa
044 ## - CÓDIGO DEL PAÍS DE LA ENTIDAD EDITORA/PRODUCTORA
Código MARC del país mx
050 #4 - SIGNATURA TOPOGRÁFICA DE LA BIBLIOTECA DEL CONGRESO
Número de clasificación GN325
Número de documento/Ítem .E86 2007
245 10 - MENCIÓN DE TÍTULO
Título Etnografía de los confines
Resto del título andanzas de Anne Chapman
Mención de responsabilidad, etc. Andrés Medina y Ángela Ochoa, coordinadores.
260 ## - PUBLICACIÓN, DISTRIBUCIÓN, ETC.
Lugar de publicación, distribución, etc. México
Nombre del editor, distribuidor, etc. INAH : Centro de Estudios Mexicanos y Centroamericanos : UNAM, Instituto de Investigaciones Antropológicas
Fecha de publicación, distribución, etc. 2007
300 ## - DESCRIPCIÓN FÍSICA
Extensión 300 p.
Otras características físicas il.
Dimensiones 26 cm.
440 #0 - MENCIÓN DE SERIE/PUNTO DE ACCESO ADICIONAL--TÍTULO
Título Colección Científica
Designación de volumen o secuencia 514. Serie Antropología
9 (RLIN) 470
504 ## - NOTA DE BIBLIOGRAFÍA, ETC.
Nota de bibliografía, etc. Incluye referencias bibliográficas
504 ## - NOTA DE BIBLIOGRAFÍA, ETC.
Nota de bibliografía, etc. Bibliografía de Anne Chapman : p. 295-300
600 14 - PUNTO DE ACCESO ADICIONAL DE MATERIA--NOMBRE DE PERSONA
Nombre de persona Chapman, Anne MacKaye
Fechas asociadas al nombre 1922-2010
9 (RLIN) 23898
650 14 - PUNTO DE ACCESO ADICIONAL DE MATERIA--TÉRMINO DE MATERIA
Término de materia o nombre geográfico como elemento de entrada Etnografía
Subdivisión general Alocuciones, ensayos, conferencias
9 (RLIN) 23899
650 14 - PUNTO DE ACCESO ADICIONAL DE MATERIA--TÉRMINO DE MATERIA
Término de materia o nombre geográfico como elemento de entrada Antropología simbólica
Subdivisión general Alocuciones, ensayos, conferencias
9 (RLIN) 23900
700 1# - PUNTO DE ACCESO ADICIONAL--NOMBRE DE PERSONA
Nombre de persona Medina, Andrés
Fechas asociadas al nombre 1938-
Término indicativo de función/relación coord.
9 (RLIN) 23901
700 1# - PUNTO DE ACCESO ADICIONAL--NOMBRE DE PERSONA
Nombre de persona Ochoa, Ángela
Término indicativo de función/relación coord.
9 (RLIN) 23902
942 ## - ELEMENTOS DE PUNTO DE ACCESO ADICIONAL (KOHA)
Fuente del sistema de clasificación o colocación Library of Congress Classification
Tipo de ítem Koha Libros
Holdings
Estado de retiro Estado de pérdida Estado dañado No para préstamo Localización permanente Ubicación/localización actual Fecha de adquisición Total de préstamos Signatura topográfica completa Código de barras Fecha visto por última vez Precio válido a partir de Tipo de ítem Koha
El ejemplar forma parte de la colección y puede ser consultado según las políticas vigentes.       Biblioteca Centro de Estudios Ruth D. Lechuga Biblioteca Centro de Estudios Ruth D. Lechuga 12/08/2013   GN325 .E86 2007 00006 22/03/2019 22/03/2019 Libros